000 00490nam a2200157 4500
008 161114b xxu||||| |||| 00| 0 eng d
022 _a9770118389007
082 _aDPer 641.05 F73 Mar-Jul 2013
100 _917275
_aCastillo, Pia Lim
245 _aThe doctor told me I had an enlarge heart/
_cPia Lim Castillo.
260 _aQuezon City:
_bABS CBN Publishing, Inc.,
_cc2013.
300 _apage 9;
_c30 cm.
500 _aFood.
650 0 _917276
_aCooking
_xChef
942 _2ddc
_cPER
999 _c5631
_d5631